| 000 | 01853nam a22002297a 4500 | ||
|---|---|---|---|
| 999 |
_c42705 _d42705 |
||
| 001 | 13761 | ||
| 003 | CO-MdFUSB | ||
| 005 | 20180622073149.0 | ||
| 008 | 171122t2005 sp ||||| |||| 00| 0 spa d | ||
| 020 | _a84-8169-146-1 | ||
| 040 |
_aCO-MdFUSB _bspa _cCO-MdFUSB _dCO-MdFUSBC _erda |
||
| 041 | 0 | _aspa | |
| 082 | 0 | 4 | _aG 226.4 G858r |
| 245 | 0 |
_aRiqueza y solidaridad en la obra de Lucas _c/ Massimo Grilli, D. Landgrave Gándara, Córdula Langner, Editores |
|
| 264 | 4 |
_aEstella, Navarra : _b Verbo Divino, _c©2005 |
|
| 300 | _a325 Pág. | ||
| 336 |
_2rdacontent _atexto _btxt |
||
| 337 |
_2rdamedia _asin mediación _bn |
||
| 338 |
_2rdacarrier _avolumen _bnc |
||
| 505 | 0 | 0 | _a- El relato lucano de la infancia como actualización y contextualización de la piedad prejudía de los pobres y su significado pragmático (Rainer Dillmann) - Jesús proclama el año de gracia del Señor (Córdula Langner) - Bienaventuranzas y lamentaciones: El reto de la Buena Nueva de Jesús a los pobres y a los ricos (Joseph Maleparampil) - De la pobreza de los predicadores y la riqueza de los marginados: las recomendaciones de Jesús al enviar a los discípulos (Ralf Huning) - La problemática pobre-rico en el contexto del Reino de Dios y en la relación lucana del viaje (Rainer Dillmann) - El buen uso de las riquezas (Jaime Mora Rivera) - El uso justo del dinero injusto (Massimo Grilli) - Lázaro y el rico (Gerardo Dondici) - Los pobres y el proyecto de Jesús (Daniel Landgrave) - Zaqueo, imagen de esperanza para los ricos (Córdula Langner) - La parábola de las minas en el marco de las biografías didácticas de Pedro el pobre y Pablo el rico en los Hechos de los Apóstoles (Detlev Dormeyer) - El óbolo de la viuda pobre (Córdula Langner) - La comunidad de bienes (Detlev Dormeyer) - El modelo lucano del uso de los bienes (Massimo Grilli |
| 942 | _cBK | ||